000 00579nam a22001937a 4500
999 _c7024
_d7024
003 OSt
005 20210825123751.0
008 210825b ||||| |||| 00| 0 eng d
020 _a0521544009
040 _cDDC
082 _2598CAT1995
100 _aCatchpole,C.K;Slater,P.J.B;
_914431
245 _aBird song:
_bBiological Themes and Variations.
_cCatchpole,C.K;Slater,P.J.B;
260 _aUK,
_bCambridge University Press.
_c1995.
300 _aviii,248p;
_bill;
_c26cm.
504 _aincludes appendix, references and index.
650 _aBiology
_95602
942 _2ddc
_cO_SHELF